000 00591nam a22002177a 4500
003 UA-OsUOA
001 35685
007 ta
008 20051212b un ||||| |||| 00| 0 ukr d
090 _a94(477)
_bП32
942 _cBK
040 _aUA-OsUOA
_bukr
_cUA-OsUOA
_dUA-OsUOA
245 _aПізнайте своє минуле
300 _a58 с.
955 _a2
041 _aukr
080 _a94(477)
260 _aЧікаго
_bУкраїнська вечірня трибуна
_c1997
650 7 _a9 Географія. Біографії. Історія
_2UDC
999 _c322052
_d322052